Rongtalgipa Sastro (Record no. 24666)

000 -LEADER
fixed length control field 00475nam a22001697a 4500
008 - FIXED-LENGTH DATA ELEMENTS--GENERAL INFORMATION
fixed length control field 230809b ||||| |||| 00| 0 eng d
020 ## - INTERNATIONAL STANDARD BOOK NUMBER
International Standard Book Number 8122134106
082 ## - DEWEY DECIMAL CLASSIFICATION NUMBER
Edition number 23
Classification number 220.09
Item number BSI
100 ## - MAIN ENTRY--PERSONAL NAME
Personal name THE BIBLE SOCIETY OF INDIA
245 ## - TITLE STATEMENT
Title Rongtalgipa Sastro
Remainder of title Niam Gitcham Aro Niam Gital
260 ## - PUBLICATION, DISTRIBUTION, ETC. (IMPRINT)
Place of publication, distribution, etc. Bangalore
Name of publisher, distributor, etc. The Bible Society of India
Date of publication, distribution, etc. 2020
300 ## - PHYSICAL DESCRIPTION
Extent 331 p.
Dimensions 19 cm.
521 ## - TARGET AUDIENCE NOTE
Target audience note It includes map and atlas.
650 ## - SUBJECT ADDED ENTRY--TOPICAL TERM
Source of heading or term Garo
650 ## - SUBJECT ADDED ENTRY--TOPICAL TERM
Source of heading or term Bible
942 ## - ADDED ENTRY ELEMENTS (KOHA)
Source of classification or shelving scheme
Koha item type Books
Holdings
Withdrawn status Lost status Source of classification or shelving scheme Damaged status Not for loan Collection code Permanent location Current location Shelving location Date acquired Coded location qualifier Cost, normal purchase price Total Checkouts Full call number Barcode Date last seen Date last checked out Price effective from Koha item type
          GARO Maulana Azad Central Library Maulana Azad Central Library General Stacks 2023-08-09 GAR 600.00 1 220.09 BSI 71159 2024-05-02 2023-08-09 2023-08-09 Books

Copyright @ USTM
Techno City, Kiling Road, Baridua, 9th Mile,
Ri-Bhoi, Meghalaya-793101

Powered by Koha